GENERAL MICROBIOLOGY VOL- I & II (Record no. 290536)

MARC details
000 -LEADER
fixed length control field 00405pam a2200157a 44500
008 - FIXED-LENGTH DATA ELEMENTS--GENERAL INFORMATION
fixed length control field 230405s2008 xxu||||| |||| 00| 0 eng d
041 ## - LANGUAGE CODE
Language code of text/sound track or separate title ENG
100 ## - MAIN ENTRY--PERSONAL NAME
Personal name DR PAWAR C B
245 ## - TITLE STATEMENT
Title GENERAL MICROBIOLOGY VOL- I & II
250 ## - EDITION STATEMENT
Edition statement 2 Ed.
260 ## - PUBLICATION, DISTRIBUTION, ETC.
Place of publication, distribution, etc. MUMBAI
Name of publisher, distributor, etc. HIMALAYA PUB
Date of publication, distribution, etc. 2008
300 ## - PHYSICAL DESCRIPTION
Extent 659p.
440 ## - SERIES STATEMENT/ADDED ENTRY--TITLE
Title MEHTA BOOK SELLERS ,KOLHAPUR , B-47638
700 ## - ADDED ENTRY--PERSONAL NAME
Personal name DR DAGINAWALA H F
906 ## - LOCAL DATA ELEMENT F, LDF (RLIN)
a 1658
Holdings
Withdrawn status Lost status Damaged status Not for loan Collection Home library Current library Date acquired Total Checkouts Barcode Date last seen Price effective from Koha item type Shelving location
          Loknete Mohanrao Kadam College of Agriculture, Kadegaon, Sangli Loknete Mohanrao Kadam College of Agriculture, Kadegaon, Sangli 15/04/2017   AGK-3683 17/04/2023 17/04/2023 Book  
          Loknete Mohanrao Kadam College of Agriculture, Kadegaon, Sangli Loknete Mohanrao Kadam College of Agriculture, Kadegaon, Sangli 15/04/2017   AGK-3682 17/04/2023 17/04/2023 Book  
          Loknete Mohanrao Kadam College of Agriculture, Kadegaon, Sangli Loknete Mohanrao Kadam College of Agriculture, Kadegaon, Sangli 15/04/2017   AGK-3681 17/04/2023 17/04/2023 Book  
          Loknete Mohanrao Kadam College of Agriculture, Kadegaon, Sangli Loknete Mohanrao Kadam College of Agriculture, Kadegaon, Sangli 15/04/2017   AGK-3680 17/04/2023 17/04/2023 Book